| 000 | 00349nam a2200145Ia 4500 | ||
|---|---|---|---|
| 008 | 240624s9999 xx 000 0 und d | ||
| 041 | _aeng | ||
| 082 | _a658.4 SIM | ||
| 100 | _aSIMON HERBERT ALEXANDER | ||
| 245 | _aADMINISTRATIVE BEHAVIOR | ||
| 250 | _a(4th ed.) | ||
| 260 |
_c1997 _aNew York _bFree Press |
||
| 300 | _a384 : p. | ||
| 365 |
_c _b25 |
||
| 999 |
_c18135 _d18135 |
||